Lettres au patagon. (Record no. 18439)
[ view plain ]
| 000 -CABECERA | |
|---|---|
| campo de control de longitud fija | 00713cam a22002171 4500 |
| 001 - NÚMERO DE CONTROL | |
| campo de control | 000018921 |
| 005 - FECHA Y HORA DE LA ÚLTIMA TRANSACCIÓN | |
| campo de control | 20200929165901.0 |
| 008 - DATOS DE LONGITUD FIJA--INFORMACIÓN GENERAL | |
| campo de control de longitud fija | 751002s1926 xx 000 0 fre |
| 010 ## - NÚMERO DE CONTROL DE LA BIBLIOTECA DEL CONGRESO | |
| Número de control de LC | 27026164 |
| 035 ## - NÚMERO DE CONTROL DEL SISTEMA | |
| Número de control de sistema | (OCoLC)1671136 |
| 040 ## - FUENTE DE LA CATALOGACIÓN | |
| Centro catalogador/agencia de origen | DO-SdBNP |
| Centro/agencia transcriptor | MBU |
| Centro/agencia modificador | DLC |
| 042 ## - CÓDIGO DE AUTENTICACIÓN | |
| Código de autenticación | premarc |
| 050 00 - SIGNATURA TOPOGRÁFICA DE LA BIBLIOTECA DEL CONGRESO | |
| Número de clasificación | PQ2607.U53 |
| Número de documento/Ítem | L4 1926 |
| 100 1# - ENTRADA PRINCIPAL--NOMBRE DE PERSONA | |
| Nombre de persona | Duhamel, Georges, |
| Fechas asociadas al nombre | 1884-1966. |
| 9 (RLIN) | 40726 |
| 245 10 - MENCIÓN DE TÍTULO | |
| Título | Lettres au patagon. |
| 250 ## - MENCIÓN DE EDICIÓN | |
| Mención de edición | 4. ed. |
| 260 ## - PUBLICACIÓN, DISTRIBUCIÓN, ETC. | |
| Lugar de publicación, distribución, etc. | Paris, : |
| Nombre del editor, distribuidor, etc. | Mercvre de France, |
| Fecha de publicación, distribución, etc. | 1926. |
| 300 ## - DESCRIPCIÓN FÍSICA | |
| Extensión | 4 p. 1., [7]-222 p., 3 l. ; |
| Dimensiones | 19 cm. |
| 505 0# - NOTA DE CONTENIDO CON FORMATO | |
| Nota de contenido con formato | Sur les orateurs.--Sur quelques aventures de l'esprit.--Sur le theatre.--Sur les savants.--Sur les amateurs.--Sur les malades. |
| 910 ## - DATOS DE OPCIÓN DEL USUARIO (OCLC) | |
| Datos de opción del usuario | Catalogación derivada / LC |
| Estado de retiro | Estado de pérdida | Restricciones de uso | No para préstamo | Código de colección | Localización permanente | Ubicación/localización actual | Ubicación en estantería | Fecha de adquisición | Número de inventario | Total de préstamos | Signatura topográfica completa | Código de barras | Fecha visto por última vez | Precio válido a partir de | Tipo de ítem Koha |
|---|---|---|---|---|---|---|---|---|---|---|---|---|---|---|---|
| Excluido de préstamo | Monografías: Libros y Folletos | General | General | Depósito | 20.05.2010 | LF1 | 18921-10 | 25.06.2020 | 25.06.2020 | No se presta |
